Global marketing (Record no. 5012)

MARC details
000 -CABECERA
campo de control de longitud fija 03530cam a2200349 i 4500
001 - NÚMERO DE CONTROL
campo de control 19548773
005 - FECHA Y HORA DE LA ÚLTIMA TRANSACCIÓN
campo de control 20260512145843.0
008 - DATOS DE LONGITUD FIJA--INFORMACIÓN GENERAL
campo de control de longitud fija 170311s2017 nyuab b 001 0 eng d
010 ## - NÚMERO DE CONTROL DE LA BIBLIOTECA DEL CONGRESO
Número de control de LC 2017303497
020 ## - NÚMERO INTERNACIONAL ESTÁNDAR DEL LIBRO
Número Internacional Estándar del Libro 9781138807884
035 ## - NÚMERO DE CONTROL DEL SISTEMA
Número de control de sistema 19548773
035 ## - NÚMERO DE CONTROL DEL SISTEMA
Número de control de sistema (OCoLC)911799799
040 ## - FUENTE DE LA CATALOGACIÓN
Centro catalogador/agencia de origen YDXCP
Lengua de catalogación eng
Centro/agencia transcriptor YDXCP
Normas de descripción rda
Centro/agencia modificador BTCTA
-- BDX
-- OCLCQ
-- MRB
-- SISPL
-- LVT
-- OCLCF
-- DLC
041 ## - CÓDIGO DE LENGUA
Código de lengua del texto/banda sonora o título independiente English
042 ## - CÓDIGO DE AUTENTICACIÓN
Código de autenticación lccopycat
050 00 - SIGNATURA TOPOGRÁFICA DE LA BIBLIOTECA DEL CONGRESO
Número de clasificación HF1416
Número de documento/Ítem .A47 2017
100 ## - ENTRADA PRINCIPAL--NOMBRE DE PERSONA
Nombre de persona Alon, Ilan,
Término indicativo de función/relación [author]
9 (RLIN) 26027
245 10 - MENCIÓN DE TÍTULO
Título Global marketing
Resto del título : contemporary theory, practice, and cases
Mención de responsabilidad, etc. / Ilan Alon, Eugene Jaffe, Christiane Prange, and Donata Vianelli.
250 ## - MENCIÓN DE EDICIÓN
Mención de edición Second edition.
264 #1 - PRODUCCIÓN, PUBLICACIÓN, DISTRIBUCIÓN, FABRICACIÓN Y COPYRIGHT
Producción, publicación, distribución, fabricación y copyright New York :
Nombre del de productor, editor, distribuidor, fabricante Routledge/Taylor & Francis Group,
Fecha de producción, publicación, distribución, fabricación o copyright 2017.
300 ## - DESCRIPCIÓN FÍSICA
Extensión xxvi, 699 pages :
Otras características físicas illustrations, maps ;
Dimensiones 26 cm
504 ## - NOTA DE BIBLIOGRAFÍA, ETC.
Nota de bibliografía, etc. Includes bibliographical references and index.
505 0# - NOTA DE CONTENIDO CON FORMATO
Nota de contenido con formato Understanding Global Markets and Marketing — Assessing the Global Marketing Environment—the Global — Evaluating Cultural and Social Environments — Analyzing Political and Legal Environments — Integrating Global, Regional, and National Markets — Part II Global Marketing Functions and Strategies — Conducting Global Marketing Research — Entering Global Markets — International Market Planning — Segmenting, Targeting, and Positioning for Global Markets — Part III The Four Ps of Global Marketing — Developing Global Products and Brands — Setting Global Prices — Global Placement and Distribution Channels — Launching Global Communication and Advertising — Part IV New Trends in Global Marketing — Using Social Media for Global Marketing — Designing and Controlling Global Marketing Systems — Defining Ethics and Corporate Social Responsibility in the International Marketplace.
520 ## - SUMARIO, ETC.
Sumario, etc. Global Marketing offers students a genuinely international perspective on the essential principles every marketing manager should understand.<br/><br/>The book addresses the unique challenges of international markets, encouraging strategic thinking and the creative use of marketing tools in highly competitive environments. It covers both small and medium-sized enterprises and multinational corporations, reflecting where much of today’s global growth occurs.<br/><br/>Key features include:<br/><br/>Increased focus on services marketing as industries shift away from manufacturing — <br/><br/>Attention to emerging markets, preparing students to seize opportunities in fast-growing regions — <br/><br/>Dedicated chapters on social media, innovation, and technology, showing how to integrate these into effective marketing strategies — <br/><br/>Expanded material on sustainability, ethics, and corporate social responsibility — central values in modern business — <br/><br/>Short cases and examples illustrating real-world application, alongside longer cases for in-depth analysis and discussion.<br/><br/>By addressing topics often overlooked in other texts, Global Marketing equips students with the insight and confidence to excel as future marketing leaders. A companion website provides an instructor’s manual, test questions, and additional exercises for classroom use.
650 #0 - PUNTO DE ACCESO ADICIONAL DE MATERIA--TÉRMINO DE MATERIA
Término de materia o nombre geográfico como elemento de entrada Export marketing
9 (RLIN) 3292
650 #0 - PUNTO DE ACCESO ADICIONAL DE MATERIA--TÉRMINO DE MATERIA
Término de materia o nombre geográfico como elemento de entrada Export marketing
Subdivisión general Management
Subdivisión de forma Case studies.
655 #7 - TÉRMINO DE INDIZACIÓN--GÉNERO/FORMA
Datos o término principal de género/forma Case studies.
Fuente del término lcgft
Número de control del registro de autoridad o número normalizado https://id.loc.gov/authorities/genreForms/gf2017026140
9 (RLIN) 23450
700 ## - ENTRADA AGREGADA--NOMBRE PERSONAL
Nombre de persona Jaffe, Eugene D.,
Término indicativo de función/relación author.
9 (RLIN) 26028
700 ## - ENTRADA AGREGADA--NOMBRE PERSONAL
Nombre de persona Prange, Christiane,
Término indicativo de función/relación author.
9 (RLIN) 26029
700 ## - ENTRADA AGREGADA--NOMBRE PERSONAL
Nombre de persona Vianelli, Donata,
Término indicativo de función/relación author.
9 (RLIN) 26030
942 ## - ELEMENTOS DE ENTRADA AGREGADA (KOHA)
Fuente del sistema de clasificación o colocación Clasificación de Library of Congress
Holdings
Estado de retiro Estado de pérdida Fuente del sistema de clasificación o colocación Estado dañado No para préstamo Biblioteca de origen Biblioteca actual Fecha de adquisición Total de préstamos Signatura topográfica completa Código de barras Fecha visto por última vez Número de copia Precio válido a partir de Tipo de ítem Koha
    Clasificación de Library of Congress     TBS Barcelona TBS Barcelona 07/10/2025   HF1416 ALO B05711 07/10/2025 1 07/10/2025 Book
    Clasificación de Library of Congress     TBS Barcelona TBS Barcelona 11/11/2025   HF1416 ALO B05666 11/11/2025 2 11/11/2025 Book

Powered by Koha